[Event "GER-ch U14"]
[Site "Magdeburg"]
[Date "2014.06.10"]
[Round "4"]
[White "Jurga, Jonas Vincent"]
[Black "Amler, Nick"]
[Result "1-0"]
[WhiteElo "1706"]
[BlackElo "1414"]
[PlyCount "133"]
[EventDate "2014.06.08"]
[EventType "swiss"]
[EventRounds "9"]
[EventCountry "GER"]
[SourceTitle "CBM 160 Extra"]
[Source "ChessBase"]
[SourceDate "2014.07.01"]
[SourceVersion "1"]
[SourceVersionDate "2014.07.01"]
[SourceQuality "1"]

1. e4 e5 2. Nf3 Nc6 3. Bb5 a6 4. Ba4 Nf6 5. 0-0 Nxe4 6. d4 exd4 7. Re1 d5 8. Nxd4 Bd6 9. Qf3 Bd7 10. Nxc6 bxc6 11. Nd2 f5 12. Qh5+ g6 13. Qh6 Bf8 14. Qe3 Be7 15. f3 Nd6 16. Qc3 Kf7 17. Bxc6 Bxc6 18. Qxc6 Ne8 19. Qe6+ Kf8 20. Nb3 Rg8 21. Bh6+ Ng7 22. Qc6 Kf7 23. Bxg7 Kxg7 24. Rad1 Qd6 25. Qxd5 Qxd5 26. Rxd5 Bd6 27. c3 Rgd8 28. g3 Ra7 29. Nd4 Kf6 30. Nc6 Raa8 31. Nxd8 Rxd8 32. Red1 Ke6 33. Kf1 Rb8 34. b3 Be7 35. c4 Bd6 36. Re1+ Kf6 37. Red1 Ke6 38. f4 Rb7 39. Re1+ Kf7 40. c5 Bf8 41. Rd7+ Kf6 42. c6 Ra7 43. Re8 Bd6 44. Rh8 Ke6 45. Rhxh7 Kd5 46. Rdg7 Kxc6 47. Rxg6 a5 48. a4 Rb7 49. Rf6 Rxb3 50. Rxf5 Ra3 51. Rxa5 Ra1+ 52. Kg2 Ra2+ 53. Kf3 Ra3+ 54. Kg4 Kb6 55. Ra8 Kb7 56. Rd8 Kc6 57. h4 Rxa4 58. h5 Re4 59. Kf5 Re3 60. g4 Rf3 61. Rxd6+ cxd6 62. Rh8 d5 63. g5 Rg3 64. g6 Kd7 65. Ke5 Kc6 66. f5 Rg5 67. h6 1-0

[Event "GER-ch U14"]
[Site "Magdeburg"]
[Date "2014.06.08"]
[Round "1"]
[White "Amler, Nick"]
[Black "Spitzl, Vinzent"]
[Result "0-1"]
[WhiteElo "1414"]
[BlackElo "1922"]
[PlyCount "90"]
[EventDate "2014.06.08"]
[EventType "swiss"]
[EventRounds "9"]
[EventCountry "GER"]
[SourceTitle "CBM 160 Extra"]
[Source "ChessBase"]
[SourceDate "2014.07.01"]
[SourceVersion "1"]
[SourceVersionDate "2014.07.01"]
[SourceQuality "1"]

1. e4 c5 2. Nf3 d6 3. d4 cxd4 4. Nxd4 Nf6 5. Nc3 a6 6. Be2 e5 7. Nf3 Be7 8. Bg5 Be6 9. 0-0 0-0 10. Qd2 Nc6 11. Rad1 Ne8 12. Bxe7 Qxe7 13. Nd5 Bxd5 14. Qxd5 Rd8 15. Qb3 Nf6 16. Bd3 Nh5 17. Qb6 Rc8 18. c3 Nf4 19. Rfe1 g6 20. Bf1 Rfd8 21. g3 Ne6 22. Qe3 Na5 23. b3 Rc7 24. Rd5 Nc6 25. Red1 Rdc8 26. Bh3 Rd8 27. Qd3 Nc5 28. Qe3 b5 29. Qh6 Nxe4 30. Qe3 Nf6 31. R5d2 d5 32. Qb6 Nb8 33. Qe3 e4 34. Nd4 Nc6 35. Ne2 Ne5 36. Nd4 Neg4 37. Qf4 h5 38. Bxg4 Nxg4 39. h3 Nf6 40. Qe3 Rdc8 41. Ne2 Kg7 42. Qg5 Rc5 43. Nd4 Kh7 44. Ne2 d4 45. Qf4 g5 0-1

[Event "Hannover Ihme Cup"]
[Site "Hannover"]
[Date "2013.05.05"]
[Round "4"]
[White "Amler, Nick"]
[Black "Mumm, Karen"]
[Result "1-0"]
[WhiteElo "1149"]
[BlackElo "1271"]
[PlyCount "101"]
[EventDate "2013.05.03"]
[EventType "swiss"]
[EventRounds "5"]
[EventCountry "GER"]
[SourceTitle "EXT 2021"]
[Source "ChessBase"]
[SourceDate "2020.10.23"]
[SourceVersion "1"]
[SourceVersionDate "2020.10.23"]
[SourceQuality "1"]

1. e4 d5 2. exd5 Nf6 3. Nc3 Nxd5 4. Nxd5 Qxd5 5. Nf3 e5 6. d3 Be7 7. Be3 0-0 8. g3 c6 9. Bg2 Qa5+ 10. c3 Be6 11. 0-0 Nd7 12. Re1 Bf6 13. Qc2 Bf5 14. Nd2 a6 15. Ne4 Be7 16. Qb3 Rab8 17. Ba7 Be6 18. Qc2 Rbd8 19. Be3 h6 20. d4 Qc7 21. dxe5 Nxe5 22. Bf4 f6 23. Nd2 Bd5 24. Bxe5 fxe5 25. Bxd5+ cxd5 26. c4 Bc5 27. Rf1 Qb6 28. Nb3 dxc4 29. Qxc4+ Kh8 30. Qxc5 Qf6 31. Rad1 e4 32. Rxd8 Rxd8 33. Qc3 Qd6 34. Nc5 Qe7 35. Qe3 Re8 36. f3 exf3 37. Qxe7 Rxe7 38. Rxf3 Kg8 39. Rb3 Re1+ 40. Kg2 Re2+ 41. Kh3 g5 42. Rxb7 h5 43. a4 g4+ 44. Kh4 Rxh2+ 45. Kg5 h4 46. Ne6 Re2 47. Kf6 Rxe6+ 48. Kxe6 h3 49. Rc7 h2 50. Rc1 Kg7 51. Rh1 1-0

[Event "Hannover Ihme Cup"]
[Site "Hannover"]
[Date "2013.05.03"]
[Round "1"]
[White "Amler, Nick"]
[Black "Meijerink, Juergen"]
[Result "0-1"]
[WhiteElo "1149"]
[BlackElo "1970"]
[PlyCount "66"]
[EventDate "2013.05.03"]
[EventType "swiss"]
[EventRounds "5"]
[EventCountry "GER"]
[SourceTitle "EXT 2021"]
[Source "ChessBase"]
[SourceDate "2020.10.23"]
[SourceVersion "1"]
[SourceVersionDate "2020.10.23"]
[SourceQuality "1"]

1. e4 e5 2. Nf3 Nc6 3. Bc4 Nf6 4. d3 Bc5 5. Nc3 h6 6. Be3 Bb6 7. 0-0 d6 8. h3 Be6 9. Bxb6 axb6 10. Bb3 Qd7 11. Bxe6 fxe6 12. d4 exd4 13. Nxd4 0-0 14. Nxc6 bxc6 15. Qe2 e5 16. Rad1 Qf7 17. Rd3 Nh5 18. Rf3 Nf4 19. Qe3 Qg6 20. Rg3 Qh5 21. Rg4 Rf6 22. Qg3 Qf7 23. Re1 Rf8 24. Nd1 h5 25. Rg5 Ne6 26. Rf5 Rxf5 27. exf5 Qxf5 28. Ne3 Qf6 29. c3 Nc5 30. f3 Qe6 31. c4 Nd3 32. Re2 Nf4 33. Re1 Rf6 0-1